000 01551nam a2200385 c 4500
003 BLK
005 20180420231309.0
008 180409b bul|||||r ||||||| ||bul||
010 _aKNG00123902000
040 _aBLK
041 _aBUL
_cBUL
080 _aШивашка промишленост. Козметика
_b687
_x(035)
_z687(035)
080 _aХудожествени ръкоделия
_b746
_x(035)
_z746(035)
100 1 _aАлън, Хелън
_eпърви автор
_9315612
700 1 _aИванов, Илия Асенов
_eпрев. от англ.
_9250447
139 _aАлън, Хелън
_bА 59
245 1 0 _aШев и плетачество
_bРъководство
_cХелън Алън; прев. от англ. Илия Асенов Иванов.
257 _aUSA
260 София
_bТехника
_c1986
300 _a64 с.
_bс ил.
_c22 см
380 _a62
490 1 _aНаправи си сам
490 1 _3Подсерия
_aЗа начинаещи
500 _aОриг. загл. Beginner's guide to sewing knitting / Helen Allen.
650 4 _aШивачество
_9177827
650 4 _aПлетачество, ръчно - наръчници и ръководства
_9245396
653 _aшев
653 _aплетачество
653 _aръководства
852 _aЦб 143234
856 4 _qpdf
_u
856 4 _qpdf
_u
942 _cKNG
_n0
944 _aCR
_c25.06.2011
_l25.06.2011 - от С1,Р / 25.06.2011
_kВиолета_Тройчева
944 _aED
_c25.06.2011
_l25.06.2011 - от С1,Р / 25.06.2011
_k
999 _c118300
_d118300